Kriminalistické, soudně-lékařské a soudně-inženýrské aplikace biomechaniky : sborník ze semináře

Corporate Author: Policejní akademie České republiky
Language: Czech
Published: Praha : Policejní akademie, [2001?]-
Edition: Vyd. 1.
Physical Description: ^^^sv. ; 21 cm
Subscribed years: 2001-
Newspaper or Journal
Saved in:
LEADER 01402nas a2200373 a 4500
001 000601241
003 CZ BrMZK
005 20050330081924.0
007 ta
008 020520c20019999xr x p cze d
015 |a cnb001121803 
020 |a 80-7251-143-2  |q (2003) 
035 |a (OCoLC)51188694 
040 |a BOA001  |b cze 
080 |a (062.534)  |2 MRF 
080 |a 57:531  |2 MRF 
080 |a 612.76:343.98  |2 MRF 
245 0 0 |a Kriminalistické, soudně-lékařské a soudně-inženýrské aplikace biomechaniky :  |b sborník ze semináře 
250 |a Vyd. 1. 
260 |a Praha :  |b Policejní akademie,  |c [2001?]- 
300 |a ^^^sv. ;  |c 21 cm 
310 |a Nepravidelně 
500 |a Vydáno u příležitosti 10. výročí založení Policejní akademie ČR v Praze 
500 |a Jednotlivé svazky mají vlastní ISBN 
541 |c pv-r 
650 0 7 |a kriminalistická biomechanika  |7 ph138900  |2 czenas 
650 0 7 |a biomechanika  |7 ph118914  |2 czenas 
655 7 |a sborníky konferencí  |7 fd133333  |2 czenas 
710 2 |a Policejní akademie České republiky  |7 ko2002101936 
910 |a BOA001  |b 2-1103.268  |r 2001- 
952 |a e-xr-pg 
990 |a SE 
996 6 |b 2610161327  |c 2-1103.268  |d 2002  |y 2002  |l MZK  |r Sklad / do 1 hodiny  |n 5  |p p.v.  |w 000601241  |u 000010  |a 1  |e BOA001  |j MZK50  |s P 
996 6 |b 2610223752  |c 2-1103.268  |d 2003  |y 2003  |l MZK  |r Sklad / do 1 hodiny  |n 5  |p p.v.  |w 000601241  |u 000020  |a 1  |e BOA001  |j MZK50  |s P